Public speaking an audience centered approach

Zapisane w:
Opis bibliograficzny
1. autor: Beebe, Steven A.
Kolejni autorzy: Beebe, Susan J.
Format: Książka
Język:English
Wydane: Englewood Cliffs Prentice Hall [19??]
Hasła przedmiotowe:
Etykiety: Dodaj etykietę
Nie ma etykietki, Dołącz pierwszą etykiete!
Thư viện lưu trữ: Trung tâm Học liệu Lê Vũ Hùng, Trường Đại học Đồng Tháp
LEADER 00794pam a22002298a 4500
001 00024424
005 20171026081023.0
008 110719s[19? ||||||engsd
041 0 # |a eng 
082 1 4 |a 808.5  |b P500B 
100 1 # |a Beebe, Steven A. 
245 1 0 |a Public speaking  |b an audience centered approach  |c Steven A. Beebe, Susan J. Beebe 
260 # # |a Englewood Cliffs  |b Prentice Hall  |c [19??] 
300 # # |a ix, 107 p  |b ill.  |c 23 cm. 
650 # 4 |a Nói trước công chúng 
700 1 # |a Beebe, Susan J. 
852 # # |b Kho giáo trình  |j KGT.0033218 
852 # # |b Kho mượn  |j KGT.0033218 
852 # # |b Kho đọc  |j KD.0008735 
852 # # |j KD.0008735  |j KGT.0033218 
910 0 # |a Ntuyet  |d 19/07/2011 
980 # # |a Trung tâm Học liệu Lê Vũ Hùng, Trường Đại học Đồng Tháp